Kep1er Songs by the English Lyrics - Statistics

General Stats
  • This quiz has been taken 120 times
  • The average score is 5 of 7
Answer Stats
Hint Answer % Correct
"Give me some, give me some" Giddy
88%
"Running vroom, vroom, vroom like a supersonic (Let's go)" Wa Da Da
81%
"Vroom, vroom power up" Grand Prix
80%
"One plus one equals I miss you two (What?)" Galileo
79%
"Come on! Touch down!" We Fresh
66%
"Don't stop, don't stop tonight" Straight Line
61%
"Don't waste it" Up
60%
No matching quizzes found
Score Distribution
Percent of People with Each Score
Percentile by Number Answered
Your Score History
You have not taken this quiz